| 000 | 00373pab a2200157 454500 | ||
|---|---|---|---|
| 008 | 180718b1962 xxu||||| |||| 00| 0 eng d | ||
| 100 | _aTinbergen, J. | ||
| 245 | _aPlanning by stages | ||
| 260 | _c1962 | ||
| 300 | _ap.1-9. | ||
| 362 | _aJan-Mar | ||
| 650 | _aEconomic planning | ||
| 773 | _aIndian Journal of Public Administration | ||
| 908 | _aN | ||
| 909 | _a100409 | ||
| 999 |
_c100408 _d100408 |
||